[Event "Leipzig VfB op 20th"]
[Site "Leipzig"]
[Date "2013.03.07"]
[Round "4"]
[White "Ditz, Roland"]
[Black "Fiedler, Gerd"]
[Result "1/2-1/2"]
[WhiteElo "1767"]
[BlackElo "1585"]
[PlyCount "98"]
[EventDate "2013.03.05"]
[EventType "swiss"]
[EventRounds "9"]
[EventCountry "GER"]
[SourceTitle "EXT 2014"]
[Source "ChessBase"]
[SourceDate "2013.11.20"]
[SourceVersion "1"]
[SourceVersionDate "2013.11.20"]
[SourceQuality "1"]

1. e4 e6 2. d4 d5 3. Nc3 dxe4 4. Nxe4 Nd7 5. Nf3 Ngf6 6. Bd3 Be7 7. 0-0 b6 8. Re1 Bb7 9. c4 Nxe4 10. Bxe4 Bxe4 11. Rxe4 Nf6 12. Re2 0-0 13. b3 Bd6 14. Bb2 c6 15. Ne5 Qc7 16. Qe1 a5 17. Bc3 Rad8 18. c5 Bxe5 19. dxe5 Nd5 20. cxb6 Nxb6 21. Bxa5 Rd5 22. Rc1 Qb7 23. Bxb6 Qxb6 24. Qc3 Qb5 25. Qc4 Rfd8 26. Ree1 Qxc4 27. Rxc4 Rxe5 28. Rec1 c5 29. h3 Kf8 30. Rxc5 Rxc5 31. Rxc5 Rd1+ 32. Kh2 Rd2 33. a4 Rxf2 34. a5 Ra2 35. b4 Ra4 36. Rb5 Ke7 37. Rb6 Kd7 38. a6 e5 39. Rb7+ Kc8 40. b5 e4 41. Rxf7 Kb8 42. a7+ Rxa7 43. Rxa7 Kxa7 44. Kg3 e3 45. Kf3 e2 46. Kxe2 Kb6 47. Ke3 Kxb5 48. Kf4 Kc6 49. Kf5 Kd7 1/2-1/2